00396nam a2200145Ia 4500008004100000040001900041041001200060082002900072100002100101245005200122260002600174300001700200650001000217850002300227131103s9999 xx 000 0 und d aLoreto College aEnglish a7891.433/SINbLCBED/7635 aSingh, Palkdhari aSadhako ki ek bhalakb Part I cPalkdhari Singh a[s.l.]b[s.n.]c[19?] a80p c 18cm. aHindi aLCBED/7891.433/SIN